000 00709nam a2200265Ia 4500
005 20260302114355.0
008 008 260114s9999 xx 000 0 eng d
020 _a9781978728424
037 _aTextbook
040 _aCRL
040 _beng
040 _cCRL
041 _2eng
041 _aeng
084 _qCRL
100 _aTeodros Kiros
_91118585
245 0 _aSelf Definition A Philosophical Inquiry from the Global South and Global North
260 _bBloomsbury
260 _bLexington Books
260 _c2019
650 _aPhilosophy
856 _uhttps://doi.org/10.5040/9781978728424?locatt=label:secondary_bloomsburyCollections
942 _cEBOOK
999 _c1682317
_d1682317